Films par images partielles d'affiches #1 - Statistiques

Statistiques générales
  • Ce quiz a été pris 24 fois
    21 depuis la dernière actualisation
  • Le résultat moyen est 4 sur 12
Statistiques - réponses
Par images Réponse % Correct
Parasite
65%
Shrek
65%
The Truman Show
55%
1917
40%
Babylon
30%
Slumdog Millionaire
30%
There Will Be Blood
30%
Le Fabuleux Destin d'Amélie Poulain
25%
Magnolia
25%
La Cité de Dieu
15%
Edward aux mains d'argent
10%
Mademoiselle
5%
Aucun quiz correspondant
Distribution des résultats
% des personnes avec chaque résultat
Percentile par nombre de réponses
Votre historique - résultats
Vous n’avez pas pris ce quiz depuis la dernière actualisation